| 000 | 00494nam a2200169 i 4500 | ||
|---|---|---|---|
| 001 | 76932 | ||
| 003 | ES-MaACL | ||
| 005 | 20230906173026.0 | ||
| 007 | t| | ||
| 008 | 041006s1918 ag ||||1| spa d | ||
| 100 | 1 |
_aGundin, Joaquín. _960952 |
|
| 245 | 1 | 0 |
_aSu autobiografía / _cJoaquín Gundín ; con introducción y notas de Manuel Castro López. |
| 260 |
_aBuenos Aires : _bJ. Estrada, _c1918. |
||
| 300 | _aV. | ||
| 700 | 1 |
_aCastro López, Manuel. _936934 |
|
| 852 |
_aES-MaACL _j1568-F-15 |
||
| 999 |
_c76932 _d76932 |
||